01398 a2200265 45000010006000000050017000060080041000230030015000640400040000790800056001192450047001750200018002222640055002403000019002955050397003140410008007119420007007195900036007261000022007627000020007848560099008049990015009039520107009189520107010254596820260407155733.0260407a1996 arg spa dAR-UNSa-BCEJYS aAR-UNSa-BCEJYSbspacAR-UNSa-BCEJYS a332.1xEconomía regional. Economía territorial 10aLas economías regionales en la Argentina a950-694-459-8 1aBuenos Aires :bGrupo Editor Latinoamericanoc1996 a184 p.c23 cm. a1. Economía regional. Temas relevantes y problemas – 2. Rendimientos decrecientes vs. Rendimientos crecientes. El desarrollo regional a través de la localización de industrias particulares – 3. De la infraestructura al desarrollo regional a través de la localización industrial – 4. Convergencia regional – 5. Resumen y conclusiones. Lecciones de política económica.  aspa cBK aniveau_biblio:m niveau_hierar:01 aFundación Arcor1 aPorto, Guido G.41uhttps://www.biblioeco.unsa.edu.ar/pmb/images/libros/L127259.jpgyImagen de portadaqimage/jpeg c4097d4097 00104070aBCEJYSbBCEJYSc16d2026-04-07l0o332.1 P839pL127259r2026-04-07 15:57:33w2026-04-07yL 00104070aBCEJYSbBCEJYSc16d2026-04-07l0o332.1 P839pL128175r2026-04-07 15:57:33w2026-04-07yL